Dangerous Tides (Record no. 533536)
[ view plain ]
| 000 -LEADER | |
|---|---|
| fixed length control field | 00201nam a22000977a 4500 |
| 040 ## - CATALOGING SOURCE | |
| Transcribing agency | dlc |
| 082 ## - DEWEY DECIMAL CLASSIFICATION NUMBER | |
| Classification number | 813.6 |
| 100 ## - MAIN ENTRY--PERSONAL NAME | |
| Personal name | Christine Feehem |
| 9 (RLIN) | 27479 |
| 245 ## - TITLE STATEMENT | |
| Title | Dangerous Tides |
| 942 ## - ADDED ENTRY ELEMENTS (KOHA) | |
| Source of classification or shelving scheme | |
| Koha item type | Book |
| Withdrawn status | Lost status | Source of classification or shelving scheme | Damaged status | Not for loan | Permanent Location | Current Location | Date acquired | Total Checkouts | Full call number | Barcode | Date last seen | Date last checked out | Price effective from | Koha item type |
|---|---|---|---|---|---|---|---|---|---|---|---|---|---|---|
| School of Civil and Environmental Engineering (SCEE) | School of Civil and Environmental Engineering (SCEE) | 01/10/2020 | 2 | 813.6 | NIT-9145 | 03/31/2022 | 02/10/2022 | 01/10/2020 | Book |
